000 01261nam1a22003491i 4500
001 RU\INFOCOMM_327\NLR\5000012354
005 20240726233027.0
035 _a(NLR Aleph) 011019946
090 _a11064650
_c11064650
100 _a20121212d1977 |||y0rusy50 ba
101 1 _afre
_crus
102 _aRU
105 _ay z||||
200 1 _aMachines électriques
_e[Trad. du russe ...]
_fM. Kostenko et L. Piotrovski
205 _a2-e éd.
210 _aM.
_c"Mir"
_d1977
215 _a2 т.
_d22 см
225 1 _aTechnique soviétique
300 _aДоп. тит. л. на рус. яз.: М. П. Костенко и Л. М. Пиотровский. Электрические машины
513 1 _aМ. П. Костенко и Л. М. Пиотровский. Электрические машины
_zrus
620 _aМосква
686 _aЗ261.6
_2rubbk
686 _aЗ261.5
_2rubbk
686 _aЗ261.8
_2rubbk
700 1 _9z02790
_aKostenko
_bM. P.
_f1889-
_gMichail Polievktovič
701 1 _9z03790
_aPiotrovskij
_bL. M.
_f1886-
_gLjudvig Marianovič
790 1 _9z02700
_aKostenko
_bM.
_4070
790 1 _9z03701
_aPiotrovski
_bL.
_4070
801 1 _aRU
_bInfoComm
_c20121212
801 0 _aRU
_bNLR
_gPSBO
852 _aNLR
_jТ21 Д-5/91
942 _cBOOK